Thiết kế bài dạy học môn Giáo dục công dân lớp 11 trên phần mền Ms.Powerpoint
Thiết kế bài dạy học trên phần mền Ms.Powerpoint. Thiết kế bài dạy học môn Giáo dục công dân lớp 11 trên phần mền Ms.Powerpoint
Enregistré dans:
| Auteur principal: | |
|---|---|
| Autres auteurs: | |
| Format: | Livre |
| Langue: | Vietnamese |
| Publié: |
Đại học Đà Nẵng
Trường đại học Sư Phạm
2009
|
| Collection: | Luận văn tốt nghiệp đại học. Chuyên ngành : Giáo dục chính trị
|
| Sujets: | |
| Tags: |
Ajouter un tag
Pas de tags, Soyez le premier à ajouter un tag!
|
| Thư viện lưu trữ: | Mạng thư viện Đại học Đà Nẵng |
|---|
| LEADER | 01269nam a2200325 4500 | ||
|---|---|---|---|
| 001 | 000011685 | ||
| 003 | 7949 | ||
| 005 | 20120208100256.0 | ||
| 008 | 120208s2009 viesd | ||
| 041 | |a vie | ||
| 072 | |a Khóa luận tốt nghiệp | ||
| 082 | |a 373.238028 |b LE-H | ||
| 100 | |a Lê, Hữu Hoàng | ||
| 245 | |a Thiết kế bài dạy học môn Giáo dục công dân lớp 11 trên phần mền Ms.Powerpoint |c Lê, Hữu Hoàng | ||
| 260 | |a Đại học Đà Nẵng |b Trường đại học Sư Phạm |c 2009 | ||
| 300 | |a 65 tr. |c 29 cm | ||
| 490 | |a Luận văn tốt nghiệp đại học. Chuyên ngành : Giáo dục chính trị | ||
| 500 | |a Tham khảo + phụ lục [4 tr] | ||
| 520 | |a Thiết kế bài dạy học trên phần mền Ms.Powerpoint. Thiết kế bài dạy học môn Giáo dục công dân lớp 11 trên phần mền Ms.Powerpoint | ||
| 653 | |a Luận văn tốt nghiệp đại học | ||
| 653 | |a Khoa Giáo dục chính trị | ||
| 700 | |a Vũ, Đình Bảy |c Th.S |e Hướng dẫn | ||
| OWN | |a LSP | ||
| 999 | |a From the UDN01 | ||
| TYP | |a Monograph | ||
| TYP | |a Printed language | ||
| 980 | |a Mạng thư viện Đại học Đà Nẵng | ||